Generátory prúdovej šifry založené na inverznej permutácii

Na minha lista:
Detalhes bibliográficos
Autor principal: Jarábek, Branislav (Author)
Outros Autores: Lichardová, Hana, 1965- (Thesis advisor)
Formato: Manuscrito Livro
Idioma:eslovaco
Publicado em: Bratislava : STU v Bratislave FEI, 2001
Assuntos:
Tags: Adicionar Tag
Sem tags, seja o primeiro a adicionar uma tag!

MARC

LEADER 00000ntm a22000003a 4500
001 stu73566
005 20160719164809.2
008 020204s2001------------------------slo-d
040 |a STU  |b slo 
041 0 |a slo 
100 1 |a Jarábek, Branislav  |4 aut 
245 1 |a Generátory prúdovej šifry založené na inverznej permutácii 
260 |a Bratislava :  |b STU v Bratislave FEI,  |c 2001 
300 |a 96 s 
650 7 |a informatika  |2 stusub 
700 1 |a Lichardová, Hana,  |d 1965-  |4 ths  |u E170  |U FEI Fakulta elektrotechniky a informatiky  |T FEI Katedra matematiky  |X 1873  |U E170  |Y 64  |7 A000001873 
996 |b EDIPL-6850  |c I-DIPL-6850  |l II680  |s A  |a 24  |w stu73566_0001